[Event "Lille Luce op 5th"]
[Site "Lille"]
[Date "2014.05.02"]
[Round "6"]
[White "Jimenez, Martin"]
[Black "Skomorokhin, Roman"]
[Result "0-1"]
[WhiteElo "1932"]
[BlackElo "2384"]
[PlyCount "50"]
[EventDate "2014.04.28"]
[EventType "swiss"]
[EventRounds "9"]
[EventCountry "FRA"]
[SourceTitle "CBM 160 Extra"]
[Source "ChessBase"]
[SourceDate "2014.07.01"]
[SourceVersion "1"]
[SourceVersionDate "2014.07.01"]
[SourceQuality "1"]

1. d4 Nf6 2. Nf3 c5 3. e3 g6 4. b3 Bg7 5. Bb2 0-0 6. Be2 cxd4 7. exd4 d5 8. 0-0 Nc6 9. c4 b6 10. Nc3 Bb7 11. Re1 Rc8 12. Rc1 dxc4 13. d5 Nxd5 14. Nxd5 Bxb2 15. Rc2 Bg7 16. Rd2 c3 17. Nf6+ Bxf6 18. Rxd8 Rfxd8 19. Qc1 Nb4 20. a3 Nd3 21. Bxd3 Rxd3 22. Ne5 Bxe5 23. Rxe5 c2 24. Re1 Bd5 25. f3 Bxb3 0-1

[Event "Cappelle op 29th"]
[Site "Cappelle la Grande"]
[Date "2013.02.27"]
[Round "6"]
[White "Jimenez, Martin"]
[Black "Alexieva, Silvia"]
[Result "1/2-1/2"]
[WhiteElo "1936"]
[BlackElo "2286"]
[PlyCount "94"]
[EventDate "2013.02.23"]
[EventType "swiss"]
[EventRounds "9"]
[EventCountry "FRA"]
[SourceTitle "CBM 153 Extra"]
[Source "ChessBase"]
[SourceDate "2013.04.22"]
[SourceVersion "1"]
[SourceVersionDate "2013.04.22"]
[SourceQuality "1"]

1. d4 Nf6 2. Nf3 g6 3. e3 Bg7 4. Bd3 d6 5. Nbd2 Nbd7 6. 0-0 0-0 7. c3 e5 8. e4 Nh5 9. Re1 Re8 10. g3 Nf8 11. Bf1 h6 12. dxe5 dxe5 13. Nh4 Nf4 14. Nc4 Nh3+ 15. Kg2 Qe7 16. Qc2 b6 17. a4 Ne6 18. Ne3 Nef4+ 19. Kh1 Bb7 20. Neg2 Nh5 21. b4 a5 22. b5 Qe6 23. f3 Bf8 24. Ne3 Ng5 25. Bc4 Qh3 26. Qf2 Bc5 27. g4 Nxf3 28. Nxf3 Bxe4 29. gxh5 Bxf3+ 30. Kg1 Qxh5 31. Ba3 Bxe3 32. Rxe3 e4 33. Be2 Qg4+ 34. Kf1 Bxe2+ 35. Qxe2 Qxe2+ 36. Kxe2 Rad8 37. Bb2 f5 38. Rf1 Re6 39. h4 h5 40. Bc1 Rdd6 41. Rg3 Kf7 42. Rfg1 c6 43. Bf4 Rd8 44. Rd1 Rc8 45. Rd7+ Ke8 46. Rg7 cxb5 47. Rg8+ Kd7 1/2-1/2

[Event "La Fere op 11th"]
[Site "La Fere"]
[Date "2012.07.13"]
[Round "8"]
[White "Mancini, Mario"]
[Black "Jimenez, Martin"]
[Result "1-0"]
[WhiteElo "2282"]
[BlackElo "1953"]
[PlyCount "51"]
[EventDate "2012.07.07"]
[EventType "swiss"]
[EventRounds "9"]
[EventCountry "FRA"]
[SourceTitle "CBM 149 Extra"]
[Source "ChessBase"]
[SourceDate "2012.08.24"]
[SourceVersion "1"]
[SourceVersionDate "2012.08.24"]
[SourceQuality "1"]

1. d4 d5 2. c4 c6 3. e3 Nf6 4. Nc3 e6 5. Nf3 Bd6 6. Bd3 Nbd7 7. 0-0 dxc4 8. Bxc4 b5 9. Bd3 a6 10. e4 e5 11. Bg5 0-0 12. dxe5 Nxe5 13. Nxe5 Bxe5 14. f4 Qb6+ 15. Kh1 Bxc3 16. bxc3 c5 17. e5 Nd5 18. Bxh7+ Kxh7 19. Qxd5 Bb7 20. Qd3+ Kg8 21. Qg3 Qg6 22. f5 Qh5 23. Rad1 c4 24. Rd4 Rfe8 25. Bf6 g6 26. Rh4 1-0

[Event "La Fere op 10th"]
[Site "La Fere"]
[Date "2011.07.05"]
[Round "5.6"]
[White "Mancini, Mario"]
[Black "Jimenez, Martin"]
[Result "1-0"]
[WhiteElo "2213"]
[BlackElo "1888"]
[PlyCount "75"]
[EventDate "2011.07.02"]
[EventType "swiss"]
[EventRounds "9"]
[EventCountry "FRA"]
[SourceTitle "EXT 2012"]
[Source "ChessBase"]
[SourceDate "2011.11.24"]
[SourceVersion "1"]
[SourceVersionDate "2011.11.24"]
[SourceQuality "1"]

1. d4 d5 2. c4 e6 3. Nf3 b6 4. Nc3 Bb7 5. cxd5 exd5 6. Bf4 Bd6 7. Ne5 Nf6 8. e3 0-0 9. Bb5 a6 10. Ba4 Qe7 11. Nd3 Nbd7 12. 0-0 Ne4 13. Rc1 Rac8 14. Ne2 c5 15. Bxd6 Qxd6 16. dxc5 Ndxc5 17. Nd4 Nxd3 18. Qxd3 Nc5 19. Qa3 f5 20. g3 Qf6 21. Rfd1 Rfd8 22. Bc2 g6 23. Qb4 Rd6 24. Qe1 Ne6 25. Nxe6 Qxe6 26. Bb3 Rxc1 27. Rxc1 Kg7 28. Rc7+ Rd7 29. Qc3+ Kh6 30. Rxd7 Qxd7 31. Qf6 b5 32. Kf1 a5 33. Ke2 a4 34. Bd1 b4 35. Qf8+ Kg5 36. f4+ Kg4 37. Kf2+ Kh3 38. Qh6# 1-0

[Event "FRA-chT2 Regionale 1011"]
[Site "France"]
[Date "2011.02.13"]
[Round "5.1"]
[White "Jimenez, Martin"]
[Black "Renard, Stephane"]
[Result "0-1"]
[WhiteElo "1875"]
[BlackElo "1965"]
[PlyCount "54"]
[EventDate "2010.10.10"]
[EventType "team-tourn"]
[EventRounds "7"]
[EventCountry "FRA"]
[SourceTitle "EXT 2019"]
[Source "ChessBase"]
[SourceDate "2018.10.10"]
[SourceVersion "1"]
[SourceVersionDate "2018.10.10"]
[SourceQuality "1"]

1. d4 f5 2. e3 Nf6 3. Bd3 e6 4. Nd2 d5 5. b3 Bd6 6. c4 c6 7. c5 Bc7 8. Bb2 0-0 9. f3 Qe7 10. Qc2 a5 11. 0-0-0 Na6 12. a3 Bd7 13. h3 b6 14. cxb6 Bxb6 15. Bxa6 Rxa6 16. Qd3 Ra7 17. e4 c5 18. Ne2 Rc8 19. Kb1 c4 20. bxc4 dxc4 21. Qc3 Bb5 22. g4 fxe4 23. fxe4 Qb7 24. Ng3 a4 25. Qf3 c3 26. Bxc3 Bxd4 27. Bxd4 Be2+ 0-1

[Event "La Fere op 8th"]
[Site "La Fere"]
[Date "2009.07.04"]
[Round "1"]
[White "Blondel, Francis"]
[Black "Jimenez, Martin"]
[Result "0-1"]
[WhiteElo "1616"]
[BlackElo "1797"]
[PlyCount "65"]
[EventDate "2009.07.04"]
[EventType "swiss"]
[EventRounds "9"]
[EventCountry "FRA"]
[SourceTitle "CBM 131 Extra"]
[Source "ChessBase"]
[SourceDate "2009.09.03"]
[SourceVersion "2"]
[SourceVersionDate "2009.09.16"]
[SourceQuality "1"]

1. d4 d5 2. c4 c6 3. cxd5 cxd5 4. Nc3 Nf6 5. Bf4 Nc6 6. e3 Bf5 7. Qb3 Qd7 8. Nf3 a6 9. Na4 Ra7 10. Nc5 Qc8 11. Rc1 e6 12. Bd3 Bxd3 13. Nxd3 Qd8 14. 0-0 Ne4 15. Rc2 Na5 16. Qa4+ b5 17. Qxa5 Qxa5 18. Rc8+ Kd7 19. Rfc1 Ke7 20. Nde5 Kf6 21. Nc6 Qxa2 22. Be5+ Kg6 23. Nxa7 Qxb2 24. Bg3 Ba3 25. R8c2 Qxc1+ 26. Rxc1 Bxc1 27. Ne5+ Kf6 28. Bh4+ g5 29. f3 Bxe3+ 30. Kf1 gxh4 31. fxe4 Bxd4 32. Ng4+ Kg5 33. h3 0-1